| 000 | 00668nam a22001937a 4500 | ||
|---|---|---|---|
| 999 |
_c480842 _d480842 |
||
| 003 | ASAB | ||
| 005 | 20200206123445.0 | ||
| 008 | 180510t xxu||||| |||| 00| 0 eng d | ||
| 038 | _aZahoor | ||
| 040 | _cASAB | ||
| 082 | _a616 | ||
| 100 |
_aSidra Anwar-sup-Dr. Muhammad Tahir _928322 |
||
| 245 |
_aTH-MS-Characterization of Croton Infecting Begomovirus, Development of Binary Artifical microRNA Construcs and Infections Clone of Tomato leaf curl New Delhi Virus / _cSidra Anwar |
||
| 260 |
_aIslamabad _bASAB (NCVI) _c2012 |
||
| 300 |
_axiii, 107 P _b30 cm |
||
| 630 |
_aVirology and Immunology _913894 |
||
| 700 |
_aDr. Muhammad Tahir _919262 |
||
| 942 |
_2ddc _cTHE |
||